LEADER 00893cam--2200313---450 001 990003402070203316 005 20230220105057.0 010 $a88-7648-283-0 035 $a000340207 035 $aUSA01000340207 035 $a(ALEPH)000340207USA01 035 $a000340207 100 $a20100520d1997----km-y0itay50------ba 101 0 $aita 102 $aIT 105 $a||||||||001yy 200 1 $a<> Bestia : narrative invaders!$fpanorama critico e pratico a cura di Nanni Balestrini e Renato Barilli 210 $aMilano$cCosta & Nolan$d1997 215 $a[s.p.]$d32 cm 676 $a853.91408 702 1$aBALESTRINI,$bNanni 702 1$aBARILLI,$bRenato 801 0$aIT$bsalbc$gISBD 912 $a990003402070203316 951 $aXVII A.A. 4129$b9124 DLAS$cXVII A.A.$d552916 959 $aBK 969 $aCAS 996 $aBestia : narrative invaders$93008848 997 $aUNISA LEADER 00979nam a22002531i 4500 001 991003726969707536 005 20040601092317.0 008 040802s1935 it a||||||||||||||||ita 035 $ab13118213-39ule_inst 035 $aARCHE-107082$9ExL 040 $aBiblioteca Interfacoltà$bita$cA.t.i. Arché s.c.r.l. Pandora Sicilia s.r.l. 082 04$a949.72 100 1 $aBencovich, Anna$0490014 245 10$aAdriatico in fiamme :$bla tragedia dell'italianità in Dalmazia /$cAnna Bencovich 250 $a2. ed. 260 $aMilano :$bOltre mare,$c1935 300 $a301 p. :$bill. ;$c20 cm 651 4$aDalmazia$xControversie internazionali$y1798-1920 907 $a.b13118213$b02-04-14$c05-08-04 912 $a991003726969707536 945 $aLE002 Fondo Giudici P 1706$g1$iLE002G-16180$lle002$nC. 1$o-$pE0.00$q-$rn$so $t0$u0$v0$w0$x0$y.i13753538$z05-08-04 996 $aAdriatico in fiamme$9308292 997 $aUNISALENTO 998 $ale002$b05-08-04$cm$da $e-$fita$git $h0$i1 LEADER 02763nam 2200589 450 001 9910807709303321 005 20230126212655.0 010 $a0-253-01581-2 035 $a(CKB)3710000000355068 035 $a(EBL)1953307 035 $a(SSID)ssj0001420969 035 $a(PQKBManifestationID)12531553 035 $a(PQKBTitleCode)TC0001420969 035 $a(PQKBWorkID)11409279 035 $a(PQKB)11017707 035 $a(MiAaPQ)EBC1953307 035 $a(OCoLC)903358866 035 $a(MdBmJHUP)muse45440 035 $a(Au-PeEL)EBL1953307 035 $a(CaPaEBR)ebr11019703 035 $a(EXLCZ)993710000000355068 100 $a20150302h20152015 uy 0 101 0 $aeng 135 $aur|n|---||||| 181 $ctxt 182 $cc 183 $acr 200 10$aCostume $eperforming identities through dress /$fPravina Shukla 210 1$aBloomington, Indiana :$cIndiana University Press,$d2015. 210 4$d©2015 215 $a1 online resource (336 p.) 300 $aDescription based upon print version of record. 311 $a0-253-01577-4 320 $aIncludes bibliographical references and index. 327 $aCover; Contents; Acknowledgments; INTRODUCTION: Special Clothing for Extraordinary Contexts; 1 FESTIVE SPIRIT: Carnival Costume in Brazil; 2 HERITAGE: Folk Costume in Sweden; 3 PLAY: The Society for Creative Anachronism; 4 REENACTMENT: Reliving the American Civil War; 5 LIVING HISTORY: Colonial Williamsburg; 6 ART: Costume and Collaboration on the Theater Stage; CONCLUSION: Costume as Elective Identity; Notes; Bibliography; Index; A; B; C; D; E; F; G; H; I; J; K; L; M; N; O; P; Q; R; S; T; V; W; Y; Z 330 $a

What does it mean to people around the world to put on costumes to celebrate their heritage, reenact historic events, assume a role on stage, or participate in Halloween or Carnival? Self-consciously set apart from everyday dress, costume marks the divide between ordinary and extraordinary settings and enables the wearer to project a different self or special identity. Pravina Shukla offers richly detailed case studies from the United States, Brazil, and Sweden to show how individuals use costumes for social communication and to express facets of their personalities.

606 $aCostume$xHistory 606 $aCostume$xSocial aspects 606 $aIdentity (Psychology) 615 0$aCostume$xHistory. 615 0$aCostume$xSocial aspects. 615 0$aIdentity (Psychology) 676 $a391.009 700 $aShukla$b Pravina$0911235 701 $aGlassie$b Henry$f1941-$0131776 801 0$bMiAaPQ 801 1$bMiAaPQ 801 2$bMiAaPQ 906 $aBOOK 912 $a9910807709303321 996 $aCostume$93995745 997 $aUNINA